| 000 | 00465nam a22001697a 4500 | ||
|---|---|---|---|
| 008 | 230612b |||||||| |||| 00| 0 eng d | ||
| 040 |
_aNational Science Library _cNational Science Library |
||
| 080 |
_aR 912 _bH3 |
||
| 245 | _aLibrary atlas | ||
| 250 | _a3rd ed. | ||
| 260 |
_aLondon: _bGeorge Philip & Son, Ltd., _c1943 |
||
| 650 | _aGeography | ||
| 653 | _aAtlas | ||
| 700 | _aGoodall, George (Ed.) | ||
| 700 | _aDarby, H C (Ed.) | ||
| 942 |
_2udc _cREF |
||
| 999 |
_c42162 _d42162 |
||